Statistics for Guess the F1 Driver by their Team History

Click here to take the quiz!

General Stats

  • This quiz has been taken 989 times
  • The average score is 10 of 12

Answer Stats

Debut YearTeam HistoryAnswer% Correct
2001Minardi (2001), Renault (2002-2006), McLaren (2007), Renault (2008-2009), Ferrari (2010-2014), McLaren (2015-2019), Alpine (2021-2022), Aston Martin (2023-Present)Fernando Alonso
99%
2011HRT (2011), Toro Rosso (2012-2013), Red Bull (2014-2018), Renault (2019-2020), McLaren (2021-2022), AlphaTauri (2023-Present)Daniel Ricciardo
97%
2014Toro Rosso (2014-2016), Red Bull (2017-Present)Max Verstappen
94%
2013Williams (2013-2016), Mercedes (2017-2021), Alfa Romeo (2022-Present)Valtteri Bottas
91%
2007Toro Rosso (2007-2008), Red Bull (2009-2014), Ferrari (2015-2020), Aston Martin (2021-2022)Sebastian Vettel
89%
1991Jordan (1991), Benetton (1992-1995), Ferrari (1996-2006), Mercedes (2010-2012)Michael Schumacher
88%
2002McLaren (2002-2006), Ferrari (2007-2009), Lotus (2012-2013), Ferrari (2014-2018), Alfa Romeo (2019-2021)Kimi Räikkönen
85%
2005Wililams (2005-2009), Mercedes (2010-2016)Nico Rosberg
84%
2009Renault (2009), Lotus (2012-2015), Haas (2016-2021)Romain Grosjean
70%
2000Williams (2000), Benetton (2001), Renault (2002), BAR (2003-2005), Honda (2006-2008), Brawn (2009), McLaren (2010-2017)Jenson Button
69%
1984Toleman (1984), Lotus (1985-1987), McLaren (1988-1993), Williams (1994)Ayrton Senna
67%
2002Minardi (2002), Jaguar (2003-2004), Williams (2005-2006), Red Bull (2007-2013)Mark Webber
66%

Score Distribution

Percentile by Number Answered

Percent of People with Each Score

Your Score History

You have not taken this quiz